Statistics for Name the first letter of every month

Click here to take the quiz!

General Stats

  • This quiz has been taken 140 times
  • The average score is 12 of 12

Answer Stats

MonthAnswer% Correct
2F
100%
1J
100%
6J
100%
7J
100%
3M
100%
5M
100%
4A
99%
8A
99%
12D
90%
11N
89%
10O
88%
9S
88%

Score Distribution

Percentile by Number Answered

Percent of People with Each Score

Your Score History

You have not taken this quiz